A companion to the city

Αποθηκεύτηκε σε:
Λεπτομέρειες βιβλιογραφικής εγγραφής
Άλλοι συγγραφείς: Bridge, Gary (Επιμελητής έκδοσης), Watson, Sophie (Επιμελητής έκδοσης)
Μορφή: Βιβλίο
Γλώσσα:English
Δημοσίευση: Oxford, UK : Blackwell, 2003, c2000
Σειρά:Blackwell companions to geography
Θέματα:
Ετικέτες: Προσθήκη ετικέτας
Δεν υπάρχουν, Καταχωρήστε ετικέτα πρώτοι!

MARC

LEADER 00000nam a2200000 i 4500
001 1/5845
008 100318r20032000 eng d
020 |a 978-0-631-23578-1 (pbk.) 
020 |a 0-631-23578-7 (pbk.) 
035 |l 10107306 
040 |a GR-MY-UA  |b gre  |e aacr 
041 0 |a eng 
082 0 |a 307.76  |2 (22) 
245 1 2 |a A companion to the city /  |c edited by Gary Bridge and Sophie Watson 
260 |a Oxford, UK :   |b Blackwell,   |c 2003, c2000 
300 |a xiv, 640 σ.;  |b εικ., χάρτες;  |c 25 εκ. 
490 1 |a Blackwell companions to geography 
504 |a Περιέχει βιβλιογραφικές παραπομπές και ευρετήριο 
650 0 0 |a Cities and towns. 
650 0 0 |a Cities and towns  |x Cross-cultural studies. 
700 1 |a Bridge, Gary.  |4 edt 
700 1 |a Watson, Sophie.  |4 edt 
830 0 |a Blackwell companions to geography 
852 |a INST  |b LESVOS  |e 20100318  |h 307.76 COM  |p 005100046174  |q 005100046174  |t BK  |y 0 
901 |a BIBL1-2010-1 
909 |a Λ  |b 152264 
922 |a 1ΕΛΗ  |b 200803  |c ΕΠΕΑΕΚ2/ΤΓ  |d ΕΛΕΥΘΕΡΟΥΔΑΚΗΣ 
970 |a ΓΙΑΛΑΜΑ  |b ΜΑΡΙΑ  |z 2010/03/18